LIBRARY & INFORMATION CENTRE, KCAET, TAVANUR

ONLINE PUBLIC ACCESS CATALOGUE (OPAC)

Encyclopaedia of mathematics, Vol.5, I-Lituus / (Record no. 9028)

MARC details
000 -LEADER
fixed length control field 00387cam a2200145ua 4500
041 ## - LANGUAGE CODE
Language code of text/sound track or separate title eng
082 ## - DEWEY DECIMAL CLASSIFICATION NUMBER
Classification number 030.51
Item number HAZ/EN
100 ## - MAIN ENTRY--AUTHOR NAME
Personal name Hazewinkel, M.
245 00 - TITLE STATEMENT
Title Encyclopaedia of mathematics, Vol.5, I-Lituus /
260 ## - PUBLICATION, DISTRIBUTION, ETC. (IMPRINT)
Place of publication London :
Name of publisher Kluwer Academic Publishers ,
Year of publication 1987.
300 ## - PHYSICAL DESCRIPTION
Number of Pages 534 ; .
942 ## - ADDED ENTRY ELEMENTS (KOHA)
Koha item type Books
Holdings
Withdrawn status Lost status Damaged status Home library Current library Date acquired Full call number Accession Number Koha item type
      KAUAET KAUAET 07/04/2012 030.51 19892 Reference
free website counter